William F. Buckley, Jr., patron saint of the conservatives /

Bibliographic Details
Main Author: Judis, John B.
Format: Book
Language:English
Published: New York : Simon and Schuster, [1988]
Subjects:

MARC

Tag First Indicator Second Indicator Subfields
LEADER 00000cam a2200000 a 4500
001 in00000025930
005 20151007055735.0
008 871022s1988 nyuaf b 00110beng
010 |a  87028797  
020 |z 0671454943 
035 |a (OCoLC)17105416 
035 |9 AAB9120AM 
040 |a DLC  |c DLC  |d TXA  |d UtOrBLW 
043 |a n-us--- 
049 |a TXAM  |c [A10937874] 
050 0 0 |a PN4874.B796  |b J83 1988 
082 0 |a 070/.92/4  |a B  |2 19 
100 1 |a Judis, John B. 
245 1 0 |a William F. Buckley, Jr., patron saint of the conservatives /  |c John B. Judis. 
264 1 |a New York :  |b Simon and Schuster,  |c [1988] 
264 4 |c ©1988 
300 |a 528 pages, 16 unnumbered pages of plates :  |b illustrations ;  |c 25 cm. 
336 |a text  |b txt  |2 rdacontent 
337 |a unmediated  |b n  |2 rdamedia 
338 |a volume  |b nc  |2 rdacarrier 
504 |a Bibliography: pages 499-503. 
500 |a Includes index. 
600 1 0 |a Buckley, William F.,  |c Jr.,  |d 1925-2008. 
650 0 |a Journalists  |z United States  |v Biography. 
650 0 |a Conservatism  |z United States  |x History  |y 20th century. 
999 |a MARS 
999 f f |s 7dfe0114-b6ec-33e5-b5eb-adc22bd6bd2c  |i 1bbb6a4d-a129-3069-8cc5-1676d71dd805  |t 0 
952 f f |p ric  |a Texas A&M University  |b Rellis Campus  |c Joint Library Facility  |d Remote Storage  |t 0  |e PN4874.B796 J83 1988  |h Library of Congress classification  |i unmediated -- volume  |m A14810937874 
998 f f |a PN4874.B796 J83 1988  |t 0  |l Remote Storage